| 000 | 00968nam a2200277Ia 4500 | ||
|---|---|---|---|
| 001 | Para_2661 | ||
| 003 | CHAP | ||
| 008 | 220125s1949 xx 000 0 und d | ||
| 010 | _a201082 | ||
| 040 | _cCHAP | ||
| 082 | _aPA-C 632.93 M49 | ||
| 110 |
_aMéxico. Dirección General de Agricultura _976952 |
||
| 245 |
_aLa mosca de la fruta en la zona de defensa del noroeste y su reglamento / _c DGA |
||
| 260 |
_aSan Jacinto : _b La direcciòn |
||
| 300 | _a13 h. | ||
| 440 |
_aCuarentena interior; 4 _9165943 |
||
| 500 | _aEncuadernado con: La propagación de la plaga conocida con el nombre de escama roja/ México. Dirección General de Agricultua. | ||
| 650 |
_aSanidad vegetal _x Colecciones de escritos Sanidad vegetal _x Leyes Mosca de la fruta _9165944 |
||
| 901 | _aPA-C 632.93 M49 | ||
| 902 | _aA | ||
| 905 | _a000000-1941 SAN 0000000000 00 | ||
| 910 | _a-194 | ||
| 942 | _cPARA | ||
| 942 |
_cPARA _d1 |
||
| 999 |
_c201082 _d201082 |
||